• 首页
  • 本馆介绍
  • 公告通知
  • 最新文献
  • 馆藏检索
  • 电子资源
  • 读者导购
  • 参考咨询
  • 我的图书馆
  • 登录
  • 详细信息显示
  • 放入我的书架
  • 预约/预借图书
  • 作者相关作品
  • 分类相关作品
  • 丛书相关作品
  • 出版社相关作品

书目信息

  • 表格格式
  • 工作单格式
  • 卡片格式
题名:
亡灵记
    
 
作者: 贾晓伟 著
分册:  
出版信息: 北京   中国人民大学出版社  2005
页数: 174页
开本: 23cm
丛书名: 朗朗书房
单 册:
中图分类: J905.5
科图分类:
主题词: 电影评论--欧洲
电子资源:
ISBN: 7-300-06342-X
000 01317nam0 2200337 450
000 01280nam0 2200325 450
000 01278nam0 2200337 450
000 01224nam0 2200313 450
000 01253nam0 2200301 450
000 01216nam0 2200289 45
001 TS2006027651
005 20061210153955.82
010    @a7-300-06342-X@dCNY19.80
100    @a20060829d2005 em y0chiy0110 ea
101 0  @achi
102    @aCN@b110000
105    @aa z 000yy
200 1  @a亡灵记@AWang Ling Ji@e好莱坞外的八位电影大师@EHao Lai Wu Wai De Ba Wei Dian Ying Da Shi@f贾晓伟著@FJia Xiao Wei Zhu
210    @a北京@c中国人民大学出版社@d2005
215    @a174页@c剧照@d23cm
225 2  @a朗朗书房@i电影场
330    @a本书论及伯格曼、费里尼、安东尼奥尼等八位欧洲电影大师,他们是一股抗拒好莱坞的力量。他们关注当今人类的境况,他们共同为“人正在死亡”这一危机拉响了警报,勾勒出了一幅时代狂欢与喧嚣为外表下的真正画像。
410  0 @12001 @a朗朗书房@i电影场
517 1  @a好莱坞外的八位电影大师@AHao Lai Wu Wai De Ba Wei Dian Ying Da Shi
606 0  @a电影评论@y欧洲
690    @aJ905.5@v4
701  0 @a贾晓伟@AJia Xiao Wei@4著
801  0 @aCN@b中图数据@c20061210
905    @a10447@dJ905.5@e170
    
    亡灵记:好莱坞外的八位电影大师/贾晓伟著.-北京:中国人民大学出版社,2005
    174页:剧照;23cm.-(朗朗书房.电影场)
    
    
    ISBN 7-300-06342-X:CNY19.80
    本书论及伯格曼、费里尼、安东尼奥尼等八位欧洲电影大师,他们是一股抗拒好莱坞的力量。他们关注当今人类的境况,他们共同为“人正在死亡”这一危机拉响了警报,勾勒出了一幅时代狂欢与喧嚣为外表下的真正画像。
●
相关链接 在E读中查询图书 在五车中查询图书 在当当中查询图书 在豆瓣中查询图书


正题名:亡灵记     索取号:J905.5/170         预约/预借

序号 登录号 条形码 馆藏地/架位号 状态 备注
1 0606251   206062516   第一样本阅览室/ [索取号:J905.5/170] 在馆    
2 0606252   206062525   第一借阅区/ [索取号:J905.5/170] 在馆    
3 0606253   206062534   第一借阅区/ [索取号:J905.5/170] 在馆    
4 0606254   206062543   第一借阅区/ [索取号:J905.5/170] 在馆    
5 0606255   206062552   第一借阅区/ [索取号:J905.5/170] 在馆    
6 0606256   206062561   第一借阅区/ [索取号:J905.5/170] 在馆    
唐山师范学院图书馆 欢迎您!
大连网信软件有限公司© 版权所有